000 00626cam a2200217 a 4500
001 e 10000885
003 DLC
005 20260227111153.0
008 990529s1894 fr 000 0 fre c
010 _ae 10000885
040 _aLibrary. U.S. Bur. of Education
_cDLC
_dCOO
_dOCL
_dDLC
043 _ae-fr---
050 0 0 _aLC2095
_b.L43 1894
100 1 _aSée, Camille,
_d1847-1919.
245 0 2 _aL'Université et Madame de Maintenon.
250 _a2. éd.
260 _aParis,
_bL. Cerf,
_c1894.
300 _axxxv, 185 p. ;
_c19 cm.
650 0 _aWomen
_xEducation
_zFrance.
600 1 0 _aMaintenon,
_cMadame de,
_d1635-1719.
999 _c18978
_d18978